banner-ar

المجالس البلدية فى حوض البحر الابيض المتوسط / (Record no. 64238)

MARC details
000 -الفاتح
حقل البيانات ثابتة الطول 01385nam a22003137a 4500
005 - وقت وتاريخ اخر تعامل مع التسجيلة
رقم الضبط 20240530110721.0
008 - عناصر البيانات ثابتة الطول - معلومات عامة
حقل البيانات ثابتة الطول 180326s2016 ua ah g b 000 0dara d
017 ## - رقم الايداع القانونى
رقم الايداع القانونى 2012/13318
المصدر ( الهيئة المختصة) مصر. دار الكتب
020 ## - الرقم الدولى المعيارى للكتب
الرقم الدولى المعيارى للكتاب 9789772161843
040 ## - مصدر الفهرسة
وكالة الفهرسة الأصلية EG-CaGPL
وكالة النسخ EG-CaGPL
082 04 - رقم تصنيف ديوى العشرى
رقم الطبعة 21
رقم التصنيف 320.854 /
رقم المادة ل م
245 02 - بيان العنوان
العنوان المجالس البلدية فى حوض البحر الابيض المتوسط /
بيان المسئوليه,etc تحرير نورا لافى ؛ ترجمة عثمان مصطفى عثمان
250 ## - بيان الطبعة
بيان الطبعة ط.1
260 ## - PUBLICATION, DISTRIBUTION, ETC. (IMPRINT)
تاريخ النشر أو التوزيع 2016.
300 ## - الوصف المادى
التعداد 503 ص. :
تفاصيل ماديه اخرى للوعاء ايض ؛
أبعاد الوعاء 24 سم.
490 ## - بيان السلسلة
عنوان السلسلة المركز القومى للترجمة ؛
رقم المجلد/ التعيين التسلسلي 2213.
650 07 - المدخل الاضافى بالموضوع-مصطلح موضوعى
مصدر الرأس أو المصطلح qrmak
مصطلح موضوعي المجالس البلدية
650 07 - المدخل الاضافى بالموضوع-مصطلح موضوعى
مصدر الرأس أو المصطلح qrmak
مصطلح موضوعي المجالس البلدية
التقسيم الفرعي الجغرافي ايطاليا
650 07 - المدخل الاضافى بالموضوع-مصطلح موضوعى
مصطلح موضوعي المجالس البلدية
التقسيم الفرعي الجغرافي بيروت
650 07 - المدخل الاضافى بالموضوع-مصطلح موضوعى
مصطلح موضوعي المجالس البلدية
التقسيم الفرعي الجغرافي تونس
650 07 - المدخل الاضافى بالموضوع-مصطلح موضوعى
مصدر الرأس أو المصطلح qrmak
مصطلح موضوعي المجالس البلدية
التقسيم الفرعي الجغرافي القدس
650 07 - المدخل الاضافى بالموضوع-مصطلح موضوعى
مصدر الرأس أو المصطلح qrmak
مصطلح موضوعي المجالس البلدية
التقسيم الفرعي الجغرافي الدولة العثمانية
651 ## - المدخل الاضافى بالموضوع - اسم جغرافى
مصدر الرأس أو المصطلح qrmak
653 #0 - مصطلح تكشيفى غير مقيد
مصطلح غير مقيد المجالس البلدية - حوض البحر الابيض المتوسط
700 1# - المدخل الاضافى - اسم شخصى
الإسم الشخصى لافى، نورا
الدور محرر
700 0# - المدخل الاضافى - اسم شخصى
الإسم الشخصى عثمان مصطفى عثمان
الدور مترجم
942 ## - عناصر المدخل الإضافي( كوها)
مصدر التصنيف او مخطط الترفيف Dewey Decimal Classification
Koha [default] item type كتاب
260 ## - PUBLICATION, DISTRIBUTION, ETC. (IMPRINT)
-- القاهرة :
-- المركز القومى للترجمة ،
Holdings
حالة التراجع حالة الفقد حالة تلف ليس للاعارة المكان المؤقت الموقع الحالى موقع الترفيف تاريخ الاكتساب اجمالي اﻻعارات رقم الطلب الباركود تاريخ اخر مشاهدة تاريخ تفعيل السعر نوع وعاء كوها
        مكتبة القاهرة الكبرى مكتبة القاهرة الكبرى القاعة الرئيسية 03/26/2018   320.854 / ل م 164393 03/26/2018 03/26/2018 كتاب

Powered By

EGPV